=LDR 00000nam 2200000 4500 =001 INLIS000000000039850 =005 20130612145443 =008 ***********************************Ind** =035 ##$$0010-061300000039850 =041 ##$$a Ind =082 ##$$a 813 =090 ##$$a 813, Way c =100 ##$$a Way, Margaret =245 ##$$a Cinta Sejati Brock, Outback Surrender, Margaret Way =260 ##$$a 2011 $b Jakarta =300 ##$$a 256 hlm, 22 cm =650 ##$$a Fiksi =850 ##$$a NBPNMAT